| 000 | 01059nam a22003377a 4500 | ||
|---|---|---|---|
| 003 | EG-GICUC | ||
| 005 | 20260121101437.0 | ||
| 008 | 251207s1969 ua ||||fr|||| 000 0 eng d | ||
| 040 |
_aEG-GiCUC _bara _cEG-GiCUC _dEG-GiCUC _erda |
||
| 041 | _aeng | ||
| 082 | 0 | 4 |
_221 _a341 _bHO . T |
| 092 | 0 | 4 | _221 |
| 099 | _aLaw1 11 341 HO . T 1969 | ||
| 100 | 1 |
_aHosni Omar _eAuthor. |
|
| 245 | 1 | 0 | _aTreaty governing the exploration of outer space, the moon and other celestial bodies / |
| 264 | 1 |
_aNew york : _b[A. Giuffre], _c1969. |
|
| 300 |
_a169 pages, _c24 cm _billustrations, |
||
| 336 |
_2rda content _atext |
||
| 337 |
_2rda media _aComputer |
||
| 338 |
_2rda carrier _aOnline Resource |
||
| 504 | _aIncludes bibliographical references. | ||
| 546 | _aText in English | ||
| 650 | 1 | 4 |
_aDroit international _2qrmak |
| 651 | 1 | _2qrmak | |
| 700 | 1 |
_aAds. _ejoint author. |
|
| 700 | 1 |
_aLL.M _ejoint author. |
|
| 700 | 1 |
_aM.C.L. _ejoint author. |
|
| 856 | 4 | 0 | _uhttps://fll.law.cu.edu.eg/fulltext/bks/B11-06413.pdf |
| 905 | _a78 | ||
| 942 |
_2ddc _cBK _e21 _n0 |
||
| 999 |
_c48805 _d48805 |
||